000 00991pam a2200289 a 4500
001 3504329
003 OSt
005 20231021112557.0
008 950217s1996 nyua b 001 0 eng
010 _a 95006616
020 _a0471086584 (acidfree paper)
040 _aDLC
_cDLC
_dDLC
050 0 0 _aTA710
_b.T39 1996
082 0 0 _a624.151 TER 1996.
_220
100 1 _aTerzaghi, Karl; Peck, Ralph B.; Mesri, Gholamreza,
_916765
245 1 0 _aSoil Mechanics in Engineering Practice
250 _a3rd ed.
260 _aNew York;
_bWiley,
_cc1996.
300 _axxx, 549 p. :
_bill. ;
_c29 cm.
500 _a"A Wiley-Interscience publication."
504 _aIncludes bibliographical references (p. 501-522) and indexes.
650 0 _aMechanics.
_916766
650 0 _aEngineering
_9373
906 _a7
_bcbc
_corignew
_d1
_eocip
_f19
_gy-gencatlg
942 _2ddc
_cB_BANK
999 _c8221
_d8221